000 00960cam a2200193 4500
001 WB4011-20
008 040316n2004 000 0 eng u
035 _a(Sirsi) u125434
245 _aBrooke consults further
260 _c2004
490 _aRICS Feature
_v16 March 2004 (2)
520 _aThe Brooke Review second stage consultation "Reviewing how RICS works for you" is available to download from http://www.rics.org/about_us/about_rics/brooke_rev iew.html. Responses to the consultation need to be returned by 10 May 2004. The Brooke Review Committee has been established by RICS President Nick Brooke to recommend improvements in communications between RICS and its members, to encourage greater involvement in RICS affairs and to make the arrangements for considering members' opinions and complaints more effective.
590 _aWB
590 _aWB
650 _aBROOKE REVIEW
650 _aRICS MEMBERSHIP
690 _aRICS
942 _n0
999 _c117109
_d117109